Southville International School and Colleges
Your cart is empty.
  • Cart
  • Lists
    Public lists Eva Luna New books Lux_list list_1
    Your lists Log in to create your own lists
  • Log in to your account
  • Your cookies
  • Search history
Southville International School and Colleges
  • Advanced search
  • Recent comments
  • Most popular
  • Libraries

Log in to your account

Log in with GOOGLE


If you do not have an external account, but do have a local account, you can still log in:

  1. Home
  2. MARC view: Incredible fishing stories /
Normal view MARC view ISBD view

Incredible fishing stories / (Record no. 344593)

[ view plain ]
MARC details
000 -LEADER
fixed length control field 00617nam a2200253Ia 4500
008 - FIXED-LENGTH DATA ELEMENTS--GENERAL INFORMATION
fixed length control field 171025s9999 xx 000 0 und d
020 ## - INTERNATIONAL STANDARD BOOK NUMBER
International Standard Book Number 1563056372
050 ## - LIBRARY OF CONGRESS CALL NUMBER
Classification number 799.1
050 ## - LIBRARY OF CONGRESS CALL NUMBER
Item number M845 1994
100 ## - MAIN ENTRY--PERSONAL NAME
Personal name Morey, Shaun
245 ## - TITLE STATEMENT
Title Incredible fishing stories /
245 ## - TITLE STATEMENT
Statement of responsibility, etc by Shaun Morey ; illustrated by Jared Lee.
260 ## - PUBLICATION, DISTRIBUTION, ETC. (IMPRINT)
Place of publication, distribution, etc New York :
260 ## - PUBLICATION, DISTRIBUTION, ETC. (IMPRINT)
Name of publisher, distributor, etc Workman,
260 ## - PUBLICATION, DISTRIBUTION, ETC. (IMPRINT)
Date of publication, distribution, etc 1994
300 ## - PHYSICAL DESCRIPTION
Extent 143 pages :
300 ## - PHYSICAL DESCRIPTION
Other physical details illustrations ;
300 ## - PHYSICAL DESCRIPTION
Dimensions 20cm.
650 ## - SUBJECT ADDED ENTRY--TOPICAL TERM
Topical term or geographic name as entry element Recreation.
650 ## - SUBJECT ADDED ENTRY--TOPICAL TERM
Topical term or geographic name as entry element Sports & recreation --
650 ## - SUBJECT ADDED ENTRY--TOPICAL TERM
General subdivision Fishing.
700 ## - ADDED ENTRY--PERSONAL NAME
Personal name Lee, Jared.
700 ## - ADDED ENTRY--PERSONAL NAME
Personal name Title.
Holdings
Withdrawn status Lost status Damaged status Home library Current library Date acquired Total Checkouts Full call number Barcode Date last seen Price effective from Koha item type
      Stonyhurst Southville International School (Malarayat) Stonyhurst Southville International School (Malarayat) 10/25/2017   NF 799.1 M845 1994 SSISM3646 10/25/2017 10/25/2017 Books

Incredible fishing stories /

APA

Morey S., Lee J. & Title.Incredible fishing stories. New York: .

Chicago

Morey Shaun, Lee Jared and Title.Incredible fishing stories. New York: .

Harvard

Morey S., Lee J. and Title.Incredible fishing stories. New York: .

MLA

Morey Shaun, Lee Jared and Title.New York: . .

  • Place hold
  • Print
  • Cite
  • Add to your cart (remove)
  • Save record
    BIBTEX Dublin Core MARCXML MARC (non-Unicode/MARC-8) MARC (Unicode/UTF-8) MARC (Unicode/UTF-8, Standard) MODS (XML) RIS
  • More searches
    Search for this title in:
    Other Libraries (WorldCat) Other Databases (Google Scholar) Online Stores (Bookfinder.com) Open Library (openlibrary.org)

Exporting to Dublin Core...

SOUTHVILLE LIBRARY

Southville International School and Colleges Library

1281 Tropical Ave. Cor. Luxembourg St., BF Homes International, Las Pinas City

Tel. No. 8256374 / 252358 Loc. 117/146

Powered by Koha